000 02415nam a2200253Ia 4500
003 Ost
005 20260507075448.0
008 260507s9999||||xx |||||||||||||| ||und||
040 _cfsecg
041 _aara
082 _a512
100 _aعيسى، اسماء عبد الكريم
_eمؤلف
245 0 _aالرياضيات في( الجبر) /
_c اسماء عبد الكريم عيسى
260 _aعمان:
_bدار صفاء,
_c2008
300 _a80 صفحة؛
_bإيضاحات ؛
_c24 سم
504 _aبيبليوغرافيا ص.79
520 _aتضمن هذا الكتاب مايلي : مقدمة : المجموعات : طرق كتابة المجموعات : أنوع المجموعات : تمثيل المجموعات : العمليات التي تتم على المجموعات : اتحاد مجموعتين : تقاطع مجموعتين : المجموعة الكاملة (المتممة) : فرق بين مجموعتين : المجموعات المنفصلة : عدد عناصر المجموعة : ضرب مجموعتين : تمثل الضرب الكارتيزي بيانيا : الأعداد الحقيقية : الأعداد غير النسبية : العلاقة بين ح، ك والأعداد غير النسبية : بعض خواص الأعداد الحقيقية : القاسم المشترك الأكبر والمضاعف المشترك الأصغر : تحليل الكسور العادية إلى كسور عشرية : تحويل الكشور العشرية إلى كسور عادية : المجال (الفترات) : التحليل : المعادلات : المعادلات الخطية : المعادلات الخطية : المعادلات الخطية في ثلاث مجاهيل : معادلات الدرجة الثانية في مجهول واحد : حل نظام مكون من معادلة خطية ومعادلة تربيعية : حل معادلات من الدرجة الثالثة بمتغير واحد : الأسس : المتباينات : الخواص الهامة للمتباينات : القيمة المطلقة : خواص القيمة المطلقة : استخدام القيمة المطلقة في حل المعادلات : الحل الهندسي : الحل الجبري
653 _aالاعداد الحقيقية
653 _aالجبر
653 _aالمجموعات
653 _aالمعادلات
653 _aرياضيات
942 _cكتاب
999 _c44602
_d44602